Manual del injertador
Salvato in:
| Autore principale: | |
|---|---|
| Natura: | Libro |
| Lingua: | spagnolo |
| Pubblicazione: |
Madrid
Mundi-Prensa
1983
|
| Soggetti: | |
| Tags: |
Aggiungi Tag
Nessun Tag, puoi essere il primo ad aggiungerne!!
|
MARC
| LEADER | 00000nam a2200000 a 4500 | ||
|---|---|---|---|
| 001 | UCR4525 | ||
| 003 | CL-VaPUC | ||
| 005 | 20240923142633.0 | ||
| 008 | 980313e19830000SP |||||||||||||||||spa|d | ||
| 999 | |c 267463 |d 267461 | ||
| 040 | |c Pontificia Universidad Católica de Valparaíso | ||
| 082 | 0 | 4 | |a 631.541 |b GAR |2 21 |
| 100 | 0 | |a Garner, R. J |e author |9 404821 | |
| 245 | 1 | 0 | |a Manual del injertador |
| 260 | |a Madrid |b Mundi-Prensa |c 1983 | ||
| 300 | |a 338 p | ||
| 583 | |a last modification |c 19980313 00:00:00 |k Rodrigo Vera | ||
| 650 | 0 | |a Injerto |x Técnicas de injerto |9 339632 | |
| 650 | 0 | |a Producción de plantas |9 678689 | |
| 650 | 0 | |a Propagación de plantas |9 339631 | |
| 942 | |c BK |2 ddc | ||
| 945 | |d 19980313 00:00:00 |a rleighto | ||
| 952 | |0 0 |1 0 |4 0 |6 631_541000000000000_GAR_1983 |7 0 |8 A |9 299788 |a BIBAGR |b BIBAGR |d 2019-11-20 |i 3399613 |l 5 |m 1 |o 631.541 GAR 1983 |p 3399613 |r 2025-01-20 |s 2023-04-10 |w 2019-11-20 |y BK |k AGR | ||
| 952 | |0 0 |1 0 |4 0 |6 631_541000000000000_GAR_1983 |7 0 |8 A |9 299789 |a BIBAGR |b BIBAGR |d 2019-11-20 |i 3399958 |l 2 |o 631.541 GAR 1983 |p 3399958 |r 2025-01-20 |s 2023-04-04 |w 2019-11-20 |y BK |k AGR | ||